Loading...
| Current Events | 3 | 10.00 | 100% | 33% | 0% |
| Fine Arts - Classical Music | 9 | 14.44 | 100% | 33% | 11% |
| Fine Arts - Other Fine Arts | 6 | 15.00 | 100% | 50% | 0% |
| Fine Arts - Painting & Sculpture | 6 | 11.67 | 100% | 17% | 0% |
| Geography | 5 | 16.00 | 100% | 60% | 0% |
| History - American History | 6 | 18.33 | 100% | 67% | 17% |
| History - European History | 5 | 14.00 | 100% | 0% | 40% |
| History - Other History | 6 | 13.33 | 100% | 33% | 0% |
| History - World History | 8 | 10.00 | 63% | 25% | 13% |
| Literature - American Literature | 7 | 20.00 | 86% | 71% | 43% |
| Literature - British Literature | 7 | 15.71 | 100% | 57% | 0% |
| Literature - European Literature | 8 | 11.25 | 88% | 50% | 0% |
| Literature - World Literature | 6 | 18.33 | 100% | 67% | 17% |
| Mythology | 3 | 23.33 | 100% | 100% | 33% |
| Other Academic | 6 | 11.67 | 100% | 17% | 0% |
| Philosophy | 7 | 10.00 | 86% | 14% | 0% |
| Religion | 4 | 10.00 | 100% | 0% | 0% |
| Science - Biology | 7 | 15.71 | 100% | 43% | 14% |
| Science - Chemistry | 10 | 10.00 | 80% | 10% | 10% |
| Science - Other Science | 8 | 10.00 | 75% | 25% | 0% |
| Science - Physics | 8 | 10.00 | 75% | 13% | 13% |
| Social Science | 5 | 12.00 | 100% | 20% | 0% |